00442nam a22001577a 450000500170000001000150001702000120003203500140004403700130005808200140007110000200008524500740010526000320017927000530021130000200026420240222152023.0 aENG-138018 c1995.00 aEN-121550 bDBAD/PUB a201.40954 aLohe, Kewepfuzu aMedanism and Christianity: bA sociological Study/cBy Kewepfuzu Lohe aAssambEBH Publishersc2022 a136, M.L. Nehru Road, PanbazarbGuwahatie781001 a387Pc25cm(pbk)